000 00252nam a2200097Ia 4500
008 220204s9999 xx 000 0 und d
082 _a632.51
_bWEE
245 0 _aWeed control manual and herbicide guide.
260 _aOhio
_bMeister Pub
_c1972
942 _cBK
999 _c23741
_d23741